00605nam a2200193Ii 450000100060000000300090000600800410001502000150005604000330007104100080010408200180011210000380013024500990016826400510026730000120031833600260033033700280035633800270038418357CO-ViMGA241108s9999||||xx |||||||||||||| ||und|| a9582807865 aCO-ViMGAbspaerdacCO-ViMGA0 aspa04a616.0194 P73z1 aAntonio Juan Desmonts Gutiérrez10aZona caliente:bun documento estremecedor sobre los virus que pueden acabar con la vida humana 1aBogotá, Colombia : Circulo de Lectores, 1995 avolumen atextbtxt2rdacontent aunmediatedbn2rdamedia avolumebnc2rdacarrier